| 000 | 00528nam a2200217Ia 4500 | ||
|---|---|---|---|
| 003 | OSt | ||
| 005 | 20221007083303.0 | ||
| 006 | a|||||r|||| 00| 0 | ||
| 007 | ta | ||
| 008 | 221006b |||||||| |||| 00| 0 eng d | ||
| 024 | _a38,521 | ||
| 037 | _cTheseses | ||
| 040 |
_aFLL _cFLL _beng |
||
| 041 |
_2eng _aeng |
||
| 100 | _aRishipal Singh | ||
| 245 | 0 | _aLegal protection against double jeopardy in India | |
| 260 | _c1988 | ||
| 300 |
_aix,390 _ccm. |
||
| 942 |
_cDIS _2CC |
||
| 999 |
_c1169515 _d1169515 |
||